Large Volcanic Eruptions in the Past 10,000 Years - Statistics

General Stats
  • This quiz has been taken 320 times
  • The average score is 4 of 48
Answer Stats
Answer % Correct
Krakatau
92%
St. Helens
72%
Pinatubo (four times)
43%
Tambora
40%
Thera
19%
Taupo (twice)
10%
Novarupta/Katmai
8%
Crater Lake
7%
Santa Maria
6%
Taal
6%
Bárðarbunga
4%
Ilopango
4%
Ambrym
3%
Aniakchak (twice)
3%
Billy Mitchell
3%
Churchill (twice)
3%
Huaynaputina
3%
Long Island (twice)
3%
Rabaul
3%
Rinjani
3%
Sakura-jima
3%
Apoyeque
2%
Black Peak
2%
Ceboruco
2%
Dakataua
2%
Grímsvötn
2%
Karymsky
2%
Khangar
2%
Kikai
2%
Ksudach
2%
Macauley
2%
Masaya
2%
Mashu
2%
Menengai
2%
Okmok
2%
Quilotoa
2%
Raoul Island
2%
Veniaminof
2%
Cerro Blanco
1%
Changbaishan
1%
Fisher
1%
Kurile Lake
1%
Lvinaya Past
1%
Tao-Rusyr
1%
Cerro Hudson (twice)
0%
Michinmavida
0%
Ulreung
0%
Witori (three times)
0%
No matching quizzes found
Score Distribution
Percent of People with Each Score
Percentile by Number Answered
Your Score History
You have not taken this quiz